• 首页
  • 本馆介绍
  • 公告通知
  • 最新文献
  • 馆藏检索
  • 电子资源
  • 读者导购
  • 参考咨询
  • 我的图书馆
  • 登录
  • 详细信息显示
  • 放入我的书架
  • 预约/预借图书
  • 作者相关作品
  • 分类相关作品
  • 丛书相关作品
  • 出版社相关作品

书目信息

  • 表格格式
  • 工作单格式
  • 卡片格式
题名:
认知升级
    
 
作者: 尼斯贝特 著 ;仲田甜 译
分册:  
出版信息: 北京   中信出版集团股份有限公司  2017.12
页数: 302页
开本: 22cm
丛书名:
单 册:
中图分类: B80-49
科图分类:
主题词: 思维科学--通俗读物
电子资源:
ISBN: 978-7-5086-7942-6
000 01170nam0 2200277 450
001 0120172336279
005 20180927150018.40
010    @a978-7-5086-7942-6@b精装@dCNY48.00
100    @a20171226d2017 em y0chiy50 ea
101 1  @achi@ceng
102    @aCN@b110000
105    @aa z 000yy
106    @ar
200 1  @a认知升级@9ren zhi sheng ji@dIntelligence and how to get it@f(美)理查德·尼斯贝特(Richard E. Nisbett)著@g仲田甜译@zeng
205    @a2版
210    @a北京@c中信出版集团股份有限公司@d2017.12
215    @a302页@c图@d22cm
330    @a本书作者对“智力遗传论”进行了大胆的驳斥。书中列举了大量极为精彩的证据,解释为什么学校会让我们变得更聪明,社会阶层对认知的不同影响,以及文化因素如何给不同社会群体带来突出的优势。本书充分阐明,能打开通向未来认知进步大门的不是让人无能为力的遗传因素,而是像学校和社会环境这样可变可控的因素。
333    @a一般读者
510 1  @aIntelligence and how to get it@zeng
606 0  @a思维科学@j通俗读物
690    @aB80-49@v5
701  0 @c(美)@a尼斯贝特@9ni si bei te@c(Nisbett, Richard E.)@4著
702  0 @a仲田甜@9zhong tian tian@4译
801  0 @aCN@b人天书店@c20171226
905    @b1095151-55@dB80-49@e119=2@f5
    
    认知升级=Intelligence and how to get it/(美)理查德·尼斯贝特(Richard E. Nisbett)著/仲田甜译.-2版.-北京:中信出版集团股份有限公司,2017.12
    302页:图;22cm
    使用对象:一般读者
    
    ISBN 978-7-5086-7942-6(精装):CNY48.00
    本书作者对“智力遗传论”进行了大胆的驳斥。书中列举了大量极为精彩的证据,解释为什么学校会让我们变得更聪明,社会阶层对认知的不同影响,以及文化因素如何给不同社会群体带来突出的优势。本书充分阐明,能打开通向未来认知进步大门的不是让人无能为力的遗传因素,而是像学校和社会环境这样可变可控的因素。
●
相关链接 在E读中查询图书 在五车中查询图书 在当当中查询图书 在豆瓣中查询图书


正题名:认知升级     索取号:B80-49/119=2         预约/预借

序号 登录号 条形码 馆藏地/架位号 状态 备注
1 1095151   210951512   第一样本阅览室/ [索取号:B80-49/119=2] 在馆    
2 1095152   210951521   教育系资料室/ [索取号:B80-49/119=2] 在馆    
3 1095153   210951530   教育系资料室/ [索取号:B80-49/119=2] 在馆    
4 1095154   210951549   第一借阅区/ [索取号:B80-49/119=2] 在馆    
5 1095155   210951558   第一借阅区/ [索取号:B80-49/119=2] 在馆    
唐山师范学院图书馆 欢迎您!
大连网信软件有限公司© 版权所有